000 00398nam a2200121Ia 4500
005 20260326235439.0
008 260326s9999||||xx |||||||||||||| ||und||
100 _aRubín de la Borbolla, Daniel F.
245 0 _aMéxico :
_b Monumentos Históricos y Arqueológicos /
_cDaniel F. Rubín de la Borbolla
260 _bInstituto Panamericano de Geografía
650 _aARQUITECTURA REGIONAL
942 _cBK
999 _c7336
_d7336